[Event "Hotel Lippa GM"]
[Site "Szentgotthard HUN"]
[Date "2001.06.16"]
[Round "4"]
[White "Rajlich,V"]
[Black "Dittmar,P"]
[Result "1/2-1/2"]
[WhiteElo "2337"]
[BlackElo "2374"]

1.e4 e6 2.d4 d5 3.Nc3 Bb4 4.e5 Ne7 5.a3 Bxc3+ 6.bxc3 b6 7.Qg4 Kf8 8.h4 Ba6
9.Bxa6 Nxa6 10.h5 h6 11.Rh3 Nb8 12.Rf3 Kg8 13.Nh3 Nbc6 14.Bd2 Na5 15.Rd1 Nc4
16.Bc1 Qd7 17.Rdd3 Rf8 18.Kd1 c5 19.Rf6 Nf5 20.Rf3 Kh7 21.R6xf5 exf5 22.Qxf5+ Qxf5
23.Rxf5 cxd4 24.cxd4 g6 25.Rf6 Kg7 26.Nf4 g5 27.Ne2 Re8 28.Ng3 Re6 29.Nf5+ Kf8
30.f4 g4 31.Rxe6 fxe6 32.Nh4 Kf7 33.f5 exf5 34.Nxf5 Ke6 35.Nxh6 Na5 36.a4 Nc6
37.c3 Ne7 38.Ke2 Nf5 39.Nxg4 Rxh5 40.Nf2 Rh2 41.g4 Nh4 42.Bf4 Rg2 43.Kf1 a6
44.Bg5 Rh2 45.Bf4 Rg2 46.Bg5 Rh2 47.Nd3 Ng6 48.Ke1 Ra2 49.Bd8 Rxa4 50.Bxb6 Ra2
51.Nc5+ Ke7 52.Bc7 a5 53.Bd6+ Ke8 54.e6 a4 55.Na6 a3 56.Kd1 Rd2+ 57.Kxd2 a2
58.Nc7+ Kd8 59.Nxd5 a1=Q 60.e7+ Nxe7 61.Nxe7 Qa2+ 62.Kc1 Qg2 63.Bb4 Qxg4
64.Kc2 Kd7 65.d5 Qc4 66.Kd2 Ke8 67.Kc2 Kf7 68.Kb2 Kf6 69.d6 Ke6 70.Ka3 Kd7
71.Kb2 Ke6 72.Ka3 Kd7 73.Kb2  1/2-1/2

[Event "Hotel Lippa GM"]
[Site "Szentgotthard HUN"]
[Date "2001.06.16"]
[Round "4"]
[White "Fercec,N"]
[Black "Fucak,E"]
[Result "0-1"]
[WhiteElo "2433"]
[BlackElo "2353"]

1.e4 e6 2.d4 d5 3.Nc3 Bb4 4.e5 b6 5.a3 Bf8 6.Bb5+ c6 7.Ba4 Ne7 8.Nf3 Nd7
9.Ne2 b5 10.Bb3 c5 11.c3 Nc6 12.O-O Nb6 13.Nf4 a5 14.Nh5 c4 15.Bc2 h6 16.g3 Qe7
17.Nh4 Kd8 18.f4 g6 19.Nf6 Bg7 20.Ng4 Bd7 21.Ne3 Kc7 22.Nf3 h5 23.Ng5 b4
24.h3 b3 25.Bb1 Rag8 26.Rf2 Kb7 27.Bd2 Bh6 28.Rg2 Qe8 29.Nf1 Bf8 30.Nh2 Bh6
31.Nhf3 Ne7 32.Qc1 Bf8 33.Be1 Rg7 34.Bf2 Na4 35.Nh2 Nc6 36.Ngf3 Be7 37.Nf1 Na7
38.Ne3 Nb5 39.Nd1 Qf8 40.Be1 Ka6 41.Ng5 Qd8 42.Qe3 Qb6 43.Bd2 Rf8 44.Bc1 Qa7
45.g4 hxg4 46.hxg4 Bxg5 47.fxg5 Rh8 48.Rh2 Rxh2 49.Kxh2 Qb8 50.Kg2 Rh7 51.Qg3 Bc6
52.Bd2 Qh8 53.Be3 Be8 54.Bg1 Qg7 55.Qf3 Rh8 56.Qf6 Qh7 57.Nf2 Bc6 58.Kf1 Re8
59.Qf3 Nxb2 60.a4 Nc7 61.Qe3 Nxa4 62.Be4 Nb6 63.Bg2 Nb5 64.Ne4 Ra8 65.Nc5+ Ka7
66.Rxa5+ Kb8 67.Rxa8+ Kxa8 68.Qc1 Qh8 69.Qa1+ Na7 70.Be3 Nd7 71.Na6 Qd8 72.Bc1 Kb7
73.Nb4 Qb6 74.Bb2 Nb8 75.Kf2 Nb5 76.Qf1 Be8 77.Nxd5 exd5 78.Bxd5+ Kc8  0-1

[Event "Savic-Mauzer Mem"]
[Site "Bijeljina YUG"]
[Date "2001.06.18"]
[Round "3"]
[White "Rosic,S"]
[Black "Ivkov,B"]
[Result "0-1"]
[WhiteElo "2302"]
[BlackElo "2425"]

1.e4 e6 2.d4 d5 3.Nc3 Bb4 4.e5 Ne7 5.a3 Bxc3+ 6.bxc3 b6 7.Bg5 h6 8.Qh5 Ba6
9.Bxa6 Nxa6 10.Ne2 Qd7 11.Bxe7 Qxe7 12.f4 g6 13.Qf3 Qd7 14.c4 O-O-O 15.cxd5 Qxd5
16.O-O Qxf3 17.Rxf3 c5 18.c3 h5 19.Rd1 Rd7 20.h3 h4 21.Kf2 Nc7 22.Rfd3 c4
23.Rf3 Rd5 24.g4 hxg3+ 25.Nxg3 Ra5 26.Ne4 Rxa3 27.Nd6+ Kd7 28.Nxc4 Ra2+ 29.Kg3 Nd5
30.Nd6 Ne7 31.Rfd3 Nf5+ 32.Nxf5 gxf5 33.d5 Rg8+ 34.Kf3 Rag2 35.dxe6+ Kc6
36.Rd6+ Kc5 37.R6d5+ Kc4 38.R5d4+ Kb3 39.Rb4+ Kxc3 40.Rb3+ Kxb3 41.Ke3 fxe6  0-1

[Event "Hotel Lippa GM"]
[Site "Szentgotthard HUN"]
[Date "2001.06.20"]
[Round "8"]
[White "Fercec,N"]
[Black "Farago,I"]
[Result "1/2-1/2"]
[WhiteElo "2433"]
[BlackElo "2485"]

1.e4 e6 2.d4 d5 3.Nc3 Bb4 4.e5 Ne7 5.a3 Bxc3+ 6.bxc3 c5 7.Qg4 O-O 8.Bd3 Nbc6
9.Qh5 Ng6 10.Nf3 Qc7 11.Ng5 h6 12.Nxf7 Qxf7 13.Qxg6 Qxg6 14.Bxg6 cxd4 15.cxd4 Nxd4
16.Bb2  1/2-1/2

[Event "TCh-Europe Girls U18"]
[Site "Balatonlelle HUN"]
[Date "2001.06.25"]
[Round "4"]
[White "Paehtz,E"]
[Black "Hryhorenko,N"]
[Result "1-0"]
[WhiteElo "2358"]
[BlackElo "2132"]

1.e4 e6 2.d4 d5 3.Nc3 Bb4 4.e5 Qd7 5.Qg4 f5 6.Qg3 b6 7.Nh3 Ba6 8.Bxa6 Nxa6
9.Nf4 O-O-O 10.Bd2 Nb8 11.a3 Bxc3 12.Bxc3 Qf7 13.h4 Ne7 14.O-O-O Nbc6 15.h5 Rdg8
16.Qg5 h6 17.Qh4 g5 18.hxg6 Nxg6 19.Qh5 Nd8 20.Nd3 Qe7 21.Bb4 Qd7 22.Bd2 Nf7
23.Rh3 Nf8 24.Nf4 Ng5 25.Rb3 Ne4 26.Be3 Kb7 27.Qe2 Ng6 28.Nh5 Ne7 29.g3 Nc6
30.Rbd3 Na5 31.Bf4 Qf7 32.Rh1 c5 33.dxc5 Nxc5 34.Rdd1 Nd7 35.Kb1 Rc8 36.Be3 Nc4
37.Bd4 Nc5 38.Ka2 Na6 39.Nf4 Nc7 40.b3 Na5 41.Bb2 Qe8 42.Rd2 Qc6 43.Rh4 Rh7
44.Qe3 Qc5 45.Qd3 Nc6 46.Nh5 Qe7 47.Nf4 Qc5 48.Rh1 a5 49.g4 Rf7 50.gxf5 exf5
51.e6 Rff8 52.Rxh6 Ne7 53.Rh7 a4 54.b4 Qd6 55.Nxd5 Nexd5 56.Qxd5+ Qxd5+ 57.Rxd5 Kc6
58.Re5 Rfe8 59.Rh6 Re7 60.Rxf5 Rxe6 61.Rh4 b5 62.Rc5+ Kb7 63.Rh7 Rc6 64.Rxb5+ Ka6
65.Ra5+ Kb7 66.Kb1 Rf8 67.Bd4 Kc8 68.Rxa4 Rc4 69.Bb6  1-0

[Event "TCh-Europe Boys U18"]
[Site "Balatonlelle HUN"]
[Date "2001.06.27"]
[Round "5"]
[White "Perunovic,Mil"]
[Black "Firman,N"]
[Result "1/2-1/2"]
[WhiteElo "2471"]
[BlackElo "2517"]

1.e4 e6 2.d4 d5 3.Nc3 Bb4 4.e5 Ne7 5.a3 Bxc3+ 6.bxc3 c5 7.h4 Nbc6 8.h5 Qa5
9.Bd2 Bd7 10.h6 gxh6 11.Nf3 O-O-O 12.a4 Rdg8 13.g3 Rg4 14.Bd3 Nf5 15.Kf1 Rhg8
16.Nh2 R4g7 17.Nf3 Rg4 18.Nh2 R4g7 19.Nf3 Rg4 20.Nh2  1/2-1/2

[Event "IV Copa Mercosur"]
[Site "Vicente Lopez ARG"]
[Date "2001.07.02"]
[Round "8"]
[White "Matsuura,E"]
[Black "Dorin,M"]
[Result "1-0"]
[WhiteElo "2467"]
[BlackElo "2410"]

1.e4 e6 2.d4 d5 3.Nc3 Bb4 4.e5 Qd7 5.Bd2 Bxc3 6.Bxc3 b6 7.a4 a5 8.Qg4 f5
9.exf6 Nxf6 10.Qh4 Ba6 11.Bxa6 Nxa6 12.Nf3 Nb4 13.Bxb4 axb4 14.Ne5 Qd6 15.Ng6 Rg8
16.Ne5 c5 17.O-O Rf8 18.Rfe1 Kd8 19.a5 cxd4 20.Qg3 Ne8 21.axb6 Rxa1 22.Rxa1 Qxb6
23.Qg5+ Rf6 24.Ng4 h6 25.Qh4 g5 26.Qg3 Rg6 27.Qf3 Ke7 28.Qd3 Rg7 29.Nxh6 Nd6
30.Re1 Kd7 31.Ng4 Ne4 32.Ne5+ Ke7 33.Nf3 g4 34.Nxd4 e5 35.Nf5+ Kf6 36.Ne3 Rd7
37.Nxg4+ Ke6 38.Ne3 Qd4 39.Qe2 Nf6 40.Qa6+ Kf7 41.b3 Ra7 42.Qe2 Ra1 43.Rxa1 Qxa1+
44.Qd1 Qa5 45.h3 Qc5 46.Qf3 e4 47.Qf5 Kg7 48.g4 Qc3 49.g5 Nh5 50.Qg4 Qe1+
51.Kg2 d4 52.Nf5+ Kg6 53.Nh4+ Kg7 54.Qxh5 e3 55.Nf5+ Kf8 56.Qh8+  1-0

[Event "IV Copa Mercosur"]
[Site "Vicente Lopez ARG"]
[Date "2001.07.06"]
[Round "11"]
[White "Valerga,D"]
[Black "Rodriguez,And URU"]
[Result "1-0"]
[WhiteElo "2468"]
[BlackElo "2500"]

1.e4 e6 2.d4 d5 3.Nc3 Bb4 4.e5 Ne7 5.a3 Bxc3+ 6.bxc3 c5 7.Qg4 Qc7 8.Qxg7 Rg8
9.Qxh7 cxd4 10.Ne2 Nbc6 11.f4 Bd7 12.Qd3 dxc3 13.Rb1 Nf5 14.h3 d4 15.g4 Nh4
16.Qh7 Nf3+ 17.Kf2 Ne7 18.Bg2 Nd2 19.Rxb7 Qc5 20.Qd3 Bc6 21.Bxc6+ Qxc6 22.Qb5 Ne4+
23.Kg2 O-O-O 24.Rb8+ Kc7 25.Qxc6+ Nxc6 26.Rxd8 Rxd8 27.Rd1 Kb6 28.h4 Kb5
29.Kf3 Nc5 30.h5 Kc4 31.Be3 d3 32.Bxc5 dxe2 33.Kxe2 Rg8 34.Bf2 Rxg4 35.Rg1 Rxf4
36.h6 Rf5 37.h7 Nd4+ 38.Bxd4 Rh5 39.Bxa7 Rxe5+ 40.Be3 Rh5  1-0

[Event "ch-SCO"]
[Site "Aberdeen SCO"]
[Date "2001.07.07"]
[Round "1"]
[White "Bryson,D"]
[Black "Buchanan,W"]
[Result "1-0"]
[WhiteElo "2375"]
[BlackElo "2105"]

1.e4 e6 2.d4 d5 3.Nc3 Bb4 4.e5 b6 5.a3 Bxc3+ 6.bxc3 Qd7 7.Qg4 f5 8.Qg3 Ba6
9.Bxa6 Nxa6 10.Ne2 O-O-O 11.O-O Nb8 12.Bg5 Re8 13.a4 Nc6 14.Qd3 Na5 15.Rfb1 Kb7
16.Bc1 Ne7 17.Ba3 Nec6 18.Nc1 Nc4 19.Nb3 Ka8 20.Bb4 a5 21.Ba3 Ka7 22.Bc1 Ref8
23.Nd2 Nxd2 24.Bxd2 f4 25.f3 g5 26.Be1 h5 27.Bf2 g4 28.c4 g3 29.hxg3 fxg3
30.Bxg3 dxc4 31.Qxc4 Qxd4+ 32.Qxd4 Nxd4 33.Rd1 Nc6 34.Bh4 Rf5 35.Bf6 Rh7
36.Re1 h4 37.Kf2 Rhh5 38.Re4 Nb4 39.Rc1 Nc6 40.f4 Rh7 41.Rh1 Rfh5 42.Kf3 Nb4
43.Kg4 Nxc2 44.Rxh4 Rxh4+ 45.Bxh4 Ka6 46.f5 b5 47.axb5+ Kxb5 48.fxe6 a4 49.e7 Rh8
50.Rf4 Rg8+ 51.Kf3 Re8 52.Rf8  1-0

[Event "ch-SCO"]
[Site "Aberdeen SCO"]
[Date "2001.07.09"]
[Round "3"]
[White "Arakhamia,K"]
[Black "Buchanan,W"]
[Result "1-0"]
[WhiteElo "2446"]
[BlackElo "2105"]

1.e4 e6 2.d4 d5 3.Nc3 Bb4 4.e5 b6 5.a3 Bf8 6.Nf3 Qd7 7.b4 c5 8.bxc5 bxc5
9.Bb5 Nc6 10.O-O Qc7 11.Ne2 c4 12.c3 Bd7 13.Ba4 Nge7 14.Bc2 Nc8 15.Nf4 Na5
16.a4 Rb8 17.Ba3 Nb3 18.Bxf8 Kxf8 19.Ra3 Qa5 20.Qe1 Nb6 21.Bxb3 cxb3 22.Rxb3 Bxa4
23.Qa1 g6 24.Qa3+ Kg7 25.Nxe6+ fxe6 26.Qe7+ Kh6 27.Ng5 Kh5 28.Nxe6 h6 29.Ng7+  1-0

[Event "SCCF State Ch"]
[Site "Los Angeles USA"]
[Date "2001.07.14"]
[Round "1"]
[White "Matikozian,A"]
[Black "Khachian,M"]
[Result "1/2-1/2"]
[WhiteElo "2406"]
[BlackElo "2480"]

1.e4 e6 2.d4 d5 3.Nc3 Bb4 4.e5 Qd7 5.Bd2 b6 6.Bb5 c6 7.Ba4 Ba6 8.Nce2 Bxd2+
9.Qxd2 Bb5 10.Bb3 Bc4 11.Bxc4 dxc4 12.Qc3 b5 13.Qg3 Kf8 14.h4 h5 15.Nh3 Ne7
16.Nhf4 Na6 17.O-O-O Nb4 18.Kb1 g6 19.Qf3 Ke8 20.Nc3 Nbd5 21.Ne4 Kd8 22.Nc5 Qe8
23.Nh3 Kc7 24.Ng5 Nf5 25.Nge4 Qe7 26.g3 a5 27.Qe2 a4 28.a3 Nb6 29.f3 Rad8
30.Qf2 Kb8 31.g4 Ng7 32.Qd2 Nd5 33.Na6+ Ka8 34.Nac5 Qa7 35.Nd6 Rb8 36.Nce4 Ne8
37.Nxe8 Rbxe8 38.Nd6 Rd8 39.Ne4 Qe7 40.Nd6 Rxd6 41.exd6 Qxd6 42.c3 Kb7 43.Qg5 Qf4
44.Qxf4 Nxf4 45.Rde1 Kc7 46.Re4 Nd5 47.Kc2 Kd6 48.g5 Rd8 49.Rh2 Ne7 50.Re5 Nf5
51.f4 Rf8 52.Kd2 Ne7 53.Re1 Nd5 54.Rf2 Rc8 55.Ree2  1/2-1/2

[Event "SCCF State Ch"]
[Site "Los Angeles USA"]
[Date "2001.07.21"]
[Round "6"]
[White "Yee,K"]
[Black "Altounian,L"]
[Result "1/2-1/2"]
[WhiteElo "2297"]
[BlackElo "2441"]

1.e4 e6 2.d4 d5 3.Nc3 Bb4 4.e5 Ne7 5.Qg4 c5 6.a3 Bxc3+ 7.bxc3 Kf8 8.Nf3 Qa5
9.Bd2 Qa4 10.Ra2 b6 11.Qf4 Nbc6 12.Bd3 h6 13.dxc5 Qxf4 14.Bxf4 bxc5 15.Be3 c4
16.Be2 Rb8 17.Kd2 f6 18.Bc5 Kf7 19.Raa1 Rb5 20.Bd4 Ng6 21.exf6 gxf6 22.Rab1 Ra5
23.Be3 e5 24.a4 Ba6 25.g4 Kg7 26.Ke1 Rd8 27.Rd1 Rb8 28.Bc1 Bc8 29.h3 f5 30.g5 h5
31.Ng1 h4 32.f4 exf4 33.Nf3 Rb6 34.Ba3 Be6 35.Bd6 Rb7 36.Kd2 Ra6 37.Bc5 Nge5
38.Nxe5 Nxe5 39.Bd4  1/2-1/2

[Event "ch-Paris Open"]
[Site "Paris FRA"]
[Date "2001.07.21"]
[Round "1"]
[White "Borzakian,M"]
[Black "Kruppa,Y"]
[Result "1/2-1/2"]
[WhiteElo "2152"]
[BlackElo "2552"]

1.e4 e6 2.Nc3 d5 3.d4 Bb4 4.e5 b6 5.Qg4 Bf8 6.Bg5 Qd7 7.Nge2 Ba6 8.Ng3 Bxf1
9.Rxf1 h6 10.Be3 g6 11.f4 Nc6 12.Qf3 O-O-O 13.Nge2 h5 14.g3 Na5 15.b3 Ba3
16.Bg1 Kb8 17.Qd3 c6 18.Rd1 Rc8 19.Nb1 Be7 20.Rf3 Nh6 21.c4 dxc4 22.bxc4 Rhd8
23.Nbc3 Qb7 24.Ne4 Qa6 25.c5 Qxd3 26.Rfxd3 Nc4 27.Rc1 b5 28.Rb3 Na5 29.Ra3 Nc4
30.Rb3 Na5 31.Ra3  1/2-1/2

[Event "Telecom Open"]
[Site "Pardubice CZE"]
[Date "2001.07.22"]
[Round "3"]
[White "Wlodarczyk,O"]
[Black "Potkin,AV"]
[Result "0-1"]
[WhiteElo "2119"]
[BlackElo "2294"]

1.e4 e6 2.d4 d5 3.Nc3 Bb4 4.e5 Ne7 5.a3 Bxc3+ 6.bxc3 b6 7.Nf3 h6 8.Bd3 Ba6
9.Bxa6 Nxa6 10.Qe2 Nb8 11.h4 Nbc6 12.h5 Na5 13.g4 Qd7 14.a4 O-O-O 15.Ba3 Kb7
16.Bb4 Nec6 17.Nd2 f6 18.Rb1 fxe5 19.dxe5 Qf7 20.Rh3 Qf4 21.Bxa5 Nxa5 22.Rb4 Qf7
23.Qb5 Nc6 24.Nb3 Qe8 25.Nc5+ Ka8 26.Na6 Rc8 27.Rf4 Nxe5 28.Re3 Nc4 29.Re2 c6
30.Qb4 Qd7 31.Qb3 e5 32.Rf5 Rhf8 33.a5 Rxf5 34.gxf5 Nxa5 35.Qa3 Nc4 36.Qa4 Qxf5
37.Nb4 Qxh5 38.f3 Qg6 39.Kf2 a5 40.Nd3 Qf6  0-1

[Event "Dutch Open"]
[Site "Dieren NED"]
[Date "2001.07.24"]
[Round "7"]
[White "Solleveld,Maa"]
[Black "Jens,J"]
[Result "1/2-1/2"]
[WhiteElo "2427"]
[BlackElo "2253"]

1.e4 e6 2.d4 d5 3.Nc3 Bb4 4.e5 b6 5.a3 Bxc3+ 6.bxc3 Qd7 7.Qg4 f5 8.Qg3 Nc6
9.Nh3 Bb7 10.Nf4 O-O-O 11.a4 Na5 12.Ba3 Nh6 13.Bb4 Nc4 14.a5 Bc6 15.Be2 Rdg8
16.h4 Nf7 17.h5 Bb5 18.Bxc4 Bxc4 19.Qe3 Kb7 20.f3 Re8 21.Kf2 Rhg8 22.Qc1 Ra8
23.Qa3 Rge8 24.Rh3 c5 25.dxc5 Nxe5 26.cxb6 axb6 27.Qc1 Nc6 28.axb6 e5 29.Nd3 Bxd3
30.cxd3 Rxa1 31.Qxa1 Kxb6 32.Qa3 e4 33.Bc5+ Kc7 34.fxe4 dxe4 35.Be3 Qd6 36.Qxd6+ Kxd6
37.Bf4+ Kd5 38.Rg3 Re7 39.Ke3 exd3+ 40.Kxd3 Rd7 41.c4+ Ke6+ 42.Kc3 Rd4 43.Bc7 Rd7
44.Re3+ Kf6 45.Bf4 g5 46.hxg6 hxg6 47.c5 g5 48.Bd6 f4 49.Re8 Kf5 50.Kc4 Rd8
51.Re2 Rc8 52.Kd5 Nb4+ 53.Kc4 Nc6 54.Ra2 Ke4 55.Kb5 Nd4+ 56.Kb6 g4 57.Kb7 Re8
58.c6 Kd5 59.Rd2 Kxd6 60.Rxd4+ Ke5 61.Rd1 Rf8 62.Re1+ Kd4 63.c7 f3 64.gxf3 gxf3
65.c8=Q Rxc8 66.Kxc8 f2 67.Rf1 Ke3 68.Rxf2 Kxf2  1/2-1/2

[Event "Dutch Open"]
[Site "Dieren NED"]
[Date "2001.07.26"]
[Round "9"]
[White "Diepeveen,V"]
[Black "Waddington,M"]
[Result "1-0"]
[WhiteElo "2300"]
[BlackElo "2353"]

1.e4 e6 2.d4 d5 3.Nc3 Bb4 4.e5 Qd7 5.Bd2 b6 6.Nf3 Bb7 7.Bd3 Nc6 8.O-O O-O-O
9.Ne2 Bxd2 10.Qxd2 Nge7 11.b4 Kb8 12.a4 Nc8 13.a5 h6 14.Nf4 Qe7 15.axb6 cxb6
16.Rfb1 g5 17.b5 gxf4 18.bxc6 Bxc6 19.Qxf4 Rd7 20.h4 Rc7 21.g3 Qf8 22.Nh2 Ne7
23.Ng4 Bb7 24.Nf6 Ng6 25.Qd2 Qg7 26.Kh2 Rhc8 27.Bb5 Ne7 28.Nd7+ Rxd7 29.Bxd7 Rc7
30.Bb5 Nc6 31.Ra3 Na5 32.Rf3 Nc4 33.Qf4 Qf8 34.Qc1 Qg7 35.Rf6 Qg4 36.Qd1 Qg7
37.Ra1 Qf8 38.c3 Na3 39.Qb3 Nxb5 40.Qxb5 Rxc3 41.Qd7 Rc7 42.Qxe6 Bc8 43.Qxd5 Bb7
44.Qd6 Qxd6 45.Rxd6 h5 46.Rd8+ Bc8 47.d5 Rc2 48.d6  1-0

[Event "Czech Open"]
[Site "Pardubice CZE"]
[Date "2001.07.27"]
[Round "8"]
[White "Groszpeter,A"]
[Black "Voekler,B"]
[Result "1-0"]
[WhiteElo "2495"]
[BlackElo "2376"]

1.e4 e6 2.d4 d5 3.Nc3 Bb4 4.e5 Ne7 5.a3 Bxc3+ 6.bxc3 c5 7.Qg4 Qc7 8.Qxg7 Rg8
9.Qxh7 cxd4 10.Ne2 Nbc6 11.f4 dxc3 12.Qd3 Bd7 13.Nxc3 a6 14.Rb1 Rc8 15.h4 Nf5
16.Rh3 Rg4 17.h5 Ke7 18.Qxf5 exf5 19.Nxd5+ Kd8 20.Nxc7 Kxc7 21.Be3 Re8 22.Kf2 Ne7
23.Be2 Rgg8 24.Bf3 Nc6 25.Bb6+ Kc8 26.Rd1 Re6 27.Bd5 Nxe5 28.Bxe6 Ng4+ 29.Kg1 Bxe6
30.h6  1-0

[Event "1st Asean Open"]
[Site "Bandar Seri Begawan BRU"]
[Date "2001.07.31"]
[Round "4"]
[White "Antonio,R"]
[Black "Rogers,I"]
[Result "1/2-1/2"]
[WhiteElo "2535"]
[BlackElo "2538"]

1.e4 e6 2.d4 d5 3.Nc3 Bb4 4.e5 Qd7 5.a3 Bxc3+ 6.bxc3 b6 7.Qg4 f5 8.Qh5+ Qf7
9.Qd1 Ne7 10.Nh3 h6 11.Nf4 Ng6 12.Nd3 Nc6 13.Be2 Nf8 14.h4 Bb7 15.a4 O-O-O
16.Ba3 Kb8 17.Qb1 Ka8 18.Bb4 a5 19.Ba3 g6 20.Qc1 Nd7 21.Qe3 Rdg8 22.f4 Ndb8
23.Kd2 Nd8 24.g4 Bc6 25.Nb2 Qd7 26.Rhg1 fxg4 27.Rxg4 Bxa4 28.Nxa4 Qxa4 29.Qg3 c5
30.Bb2 Qc6 31.Rxg6 Rxg6 32.Qxg6 cxd4 33.cxd4 Rf8 34.Qxh6  1/2-1/2

[Event "UPI"]
[Site "Mancha Real ESP"]
[Date "2001.08.04"]
[Round "6"]
[White "Ruiz Jimenez,F"]
[Black "Gonzalez Rodriguez,JA"]
[Result "0-1"]
[WhiteElo "2115"]
[BlackElo "2428"]

1.e4 e6 2.d4 d5 3.Nc3 Bb4 4.e5 Qd7 5.Bd2 b6 6.Bb5 c6 7.Ba4 a5 8.a3 Bf8 9.Nce2 Ba6
10.c3 Bb5 11.Bc2 a4 12.f4 c5 13.Nf3 Nc6 14.Be3 h5 15.f5 exf5 16.Nf4 cxd4
17.Bxd4 Ra6 18.Qd2 Nge7 19.O-O-O Nd8 20.e6 Nxe6 21.Ne5 Qd6 22.Nxe6 fxe6 23.Nf3 Kf7
24.Rhe1 Kg8 25.Ng5 Bd7 26.Qe3 b5 27.Bc5 Qxh2 28.Bxe7 Bxe7 29.Bxf5 Rh6 30.Bh3 Qd6
31.Rf1 Rf6 32.Qd3 Rf5 33.Rxf5 exf5 34.Nf3 Qf4+ 35.Kb1 Rd6 36.Nd4 g6 37.Nxb5 Rb6
38.Qxd5+ Be6 39.Qa8+ Kf7 40.Qxa4  0-1

[Event "Pricenet Cup"]
[Site "Olomouc CZE"]
[Date "2001.08.06"]
[Round "7"]
[White "Dvorak,T"]
[Black "Tibensky,R"]
[Result "1/2-1/2"]
[WhiteElo "2250"]
[BlackElo "2451"]

1.e4 e6 2.d4 d5 3.Nc3 Bb4 4.e5 b6 5.a3 Bf8 6.Bb5+ c6 7.Ba4 Qd7 8.Nf3 Ba6
9.Ne2 Qc7 10.Bb3 c5 11.c3 Ne7 12.O-O Nbc6 13.Bc2 cxd4 14.cxd4 Nf5  1/2-1/2

[Event "Kochan Mem Open"]
[Site "Koszalin POL"]
[Date "2001.08.07"]
[Round "4"]
[White "Sharapov,E"]
[Black "Maslowski,M"]
[Result "1-0"]
[WhiteElo "2403"]
[BlackElo "2143"]

1.e4 e6 2.d4 d5 3.Nc3 Bb4 4.e5 b6 5.a3 Bxc3+ 6.bxc3 Ne7 7.Nf3 Ba6 8.Bxa6 Nxa6
9.a4 Nb8 10.O-O Nbc6 11.Qd3 Na5 12.h4 h5 13.Bg5 Qd7 14.Nd2 Nf5 15.Rfe1 Qc6
16.Nb3 Nc4 17.a5 Kd7 18.Qf3 a6 19.Ra2 Kc8 20.Rb1 b5 21.Nc5 Kb8 22.Re1 Ka7
23.Nd3 Rh7 24.Re2 Qd7 25.Nc5 Qc6 26.g3 Rah8 27.Kg2 Re8 28.Ra1 Reh8 29.Nd3 Qe8
30.Nf4 Qd7 31.Qd3 Re8 32.Kg1 Reh8 33.Qf3 Qc6 34.Kg2 Qd7 35.Nh3 Rc8 36.Bc1 Ka8
37.Nf4 Rch8 38.Nd3 Ka7 39.Bg5 Re8 40.Rh1 Reh8 41.Nc5 Qe8 42.Qf4 Qc6 43.Rhe1 Qe8
44.f3 Ne7 45.Bxe7 Qxe7 46.Kf2 g6 47.Ra1 Qd8 48.Rae1 Qe7 49.Qf6 Re8 50.Nd3 c6
51.Nf4 Qxf6 52.exf6 Rc8 53.Nd3 Nd6 54.Nc5 Ne8 55.Re5 Nxf6 56.Rh1 Rc7 57.Rg5 Nd7
58.Nxd7 Rxd7 59.g4 hxg4 60.fxg4 Rd8 61.h5 Rg8 62.Rf1 Rhg7 63.Ke3 Rh8 64.Rf6 Kb7
65.hxg6 Rh3+ 66.Kd2 fxg6 67.Rgxg6 Rxg6 68.Rxg6 Rg3 69.Rg7+ Kc8 70.g5 Kd8
71.g6 Ke8 72.Rg8+ Ke7 73.g7 Kf7 74.Rc8 Rg2+ 75.Kc1 Rxg7 76.Rxc6 Kf6 77.Rxa6 Rc7
78.Kb2 Rc4 79.Rb6 Ra4 80.Rxb5 Ke7 81.Kb3 Ra1 82.c4  1-0

[Event "Kochan Mem Open"]
[Site "Koszalin POL"]
[Date "2001.08.12"]
[Round "8"]
[White "Maka,Mag"]
[Black "Maslowski,M"]
[Result "0-1"]
[WhiteElo "2088"]
[BlackElo "2143"]

1.e4 e6 2.d4 d5 3.Nc3 Bb4 4.e5 Ne7 5.a3 Bxc3+ 6.bxc3 b6 7.f4 Ba6 8.Bxa6 Nxa6
9.Qg4 Nf5 10.Qe2 Nb8 11.Nf3 h5 12.O-O Nc6 13.Qb5 Qd7 14.a4 Na5 15.Qd3 Nc4
16.Ba3 Qxa4 17.Bb4 Qb5 18.Nd2 a5 19.Nxc4 Qxc4 20.Qh3 Kd7 21.Ba3 g6 22.Qf3 b5
23.Bc5 Rhb8 24.Rfb1 b4 25.cxb4 Nxd4 26.Qd3 Nxc2 27.Qxc4 dxc4 28.Ra2 Nxb4
29.Bxb4 Rxb4 30.Rxb4 axb4 31.Rxa8 c3 32.Ra1 b3  0-1

[Event "ch-FRA Gp A"]
[Site "Marsailles FRA"]
[Date "2001.08.14"]
[Round "2"]
[White "Fontaine,R"]
[Black "Vaisser,A"]
[Result "0-1"]
[WhiteElo "2452"]
[BlackElo "2556"]

1.e4 e6 2.d4 d5 3.Nc3 Bb4 4.e5 Ne7 5.Bd2 b6 6.a3 Bxc3 7.Bxc3 Ba6 8.Bxa6 Nxa6
9.h4 h5 10.Qd3 Nb8 11.Bd2 Nf5 12.Bg5 f6 13.exf6 gxf6 14.Bf4 Nc6 15.Nf3 Qd7
16.g3 O-O-O 17.O-O-O Kb7 18.Rhe1 Rde8 19.Kb1 Nce7 20.Bc1 Nc8 21.Re2 Ncd6
22.Bf4 Nf7 23.Rde1 Nd8 24.Ka2 a6 25.b3 c5 26.dxc5 bxc5 27.c4 d4 28.b4 cxb4
29.Rb2 e5 30.Bd2 Nc6 31.Bxb4 Kc7 32.Bc5 Rb8 33.Reb1 Qe6 34.Nd2 Rxb2+ 35.Rxb2 Rb8
36.Rxb8 Nxb8 37.Qf3 Nd7 38.Bb4 Nb6 39.Ba5 Nd6 40.Qb3 Nb7 41.Bxb6+ Qxb6 42.Qf3 Qa5
43.Nb3 Qe1 44.Qxf6 Qe2+ 45.Ka1 d3 46.Qe7+ Kb8 47.Qb4 Qf1+ 48.Kb2 Qxf2+ 49.Ka1 Qxg3
50.c5 Qg1+ 51.Kb2 Qg2+ 52.Ka1 Qd5 53.Qc3 Nxc5 54.Nxc5 d2 55.Nxa6+ Ka7 56.Qc7+ Kxa6
57.Qc8+ Kb5 58.Qe8+ Ka5  0-1

[Event "TCh-Rep. Srpska"]
[Site "Jahorina BIH"]
[Date "2001.08.16"]
[Round "6"]
[White "Stavnjak,L"]
[Black "Gavric,M"]
[Result "0-1"]
[WhiteElo "2307"]
[BlackElo "2392"]

1.e4 e6 2.d4 d5 3.Nc3 Bb4 4.e5 Ne7 5.a3 Bxc3+ 6.bxc3 c5 7.Nf3 b6 8.a4 Ba6
9.Bxa6 Nxa6 10.Qe2 Nb8 11.Qb5+ Nd7 12.O-O Qc7 13.Ba3 O-O 14.Rfe1 Rfc8 15.Qd3 h6
16.Ra2 Qd8 17.h3 Rc7 18.Bc1 Rac8 19.Bd2 Nf5 20.a5 bxa5 21.Rxa5 cxd4 22.cxd4 Nb6
23.Ra2 Nc4 24.Bc1 a5 25.g4 Nh4 26.Nxh4 Qxh4 27.Kg2 f6 28.Qg3 Qxg3+ 29.Kxg3 fxe5
30.dxe5 Rb7 31.f4 Rb1 32.Kf2 Kf7 33.Ke2 h5 34.Bd2 Nxd2 35.Kxd2 Rxe1 36.Kxe1 hxg4
37.hxg4 Rc4 38.f5 a4 39.fxe6+ Kxe6 40.g5 Kxe5 41.Kd2 Kf5 42.Ra3 g6 43.Rg3 Rc5
44.Ra3 Ra5 45.Kc3 Kxg5 46.Kd4 Ra8 47.Kc5 Kh4 48.Kxd5 g5 49.c4 g4 50.Kc6 g3
51.Kb7 Ra5 52.Kb6 Rf5 53.c5 g2 54.Rxa4+ Kg5 55.Ra1 Rf1  0-1

[Event "Faakersee Open"]
[Site "Latschach AUT"]
[Date "2001.08.16"]
[Round "7"]
[White "Keller,M"]
[Black "Farago,I"]
[Result "1-0"]
[WhiteElo "2226"]
[BlackElo "2504"]

1.d4 e6 2.e4 d5 3.Nc3 Bb4 4.e5 Ne7 5.Qg4 c5 6.dxc5 Nbc6 7.Bd2 O-O 8.O-O-O Ng6
9.f4 f5 10.Qg3 Bxc5 11.Nf3 Bd7 12.h4 Nh8 13.h5 Nf7 14.h6 g6 15.Qh3 Rc8 16.g4 Ne7
17.gxf5 exf5 18.Ne2 Qb6 19.Bc3 Be3+ 20.Kb1 Rxc3 21.Nxc3 d4 22.Ne2 Nc6 23.Nc1 Be6
24.Nb3 a5 25.Nfd2 a4 26.Nc4 Bxc4 27.Bxc4 axb3 28.Bxb3 Kh8 29.Qh4 Qd8 30.Qg3 Qe7
31.c3 Nfd8 32.cxd4 Bxd4 33.Qd3 Ne6 34.Qc4 Re8 35.Qxe6 Qxe6 36.Bxe6 Rxe6 37.Rd3 Kg8
38.Rhd1 Bc5 39.Rd7 b6 40.Rg7+ Kh8 41.Rdd7 Re7 42.Rgxe7 Nxe7 43.Rd8+ Ng8 44.a4 g5
45.fxg5 Be7 46.Rb8 Bxg5 47.e6 Be7 48.Kc2 Bc5 49.Kd3  1-0

[Event "TSIM"]
[Site "Belgrade YUG"]
[Date "2001.08.17"]
[Round "2"]
[White "Stankovic,Ma"]
[Black "Sahovic,D"]
[Result "0-1"]
[WhiteElo "2259"]
[BlackElo "2420"]

1.e4 e6 2.Nc3 d5 3.d4 Bb4 4.e5 Qd7 5.Nf3 b6 6.Nd2 Ne7 7.Bb5 c6 8.Bd3 c5 9.a3 Bxc3
10.bxc3 c4 11.Be2 Qa4 12.Rb1 Nbc6 13.h4 Bd7 14.h5 h6 15.Nf3 O-O-O 16.Nh4 Rdf8
17.Qd2 f6 18.exf6 Rxf6 19.O-O Kb7 20.Bf3 Nc8 21.Qe2 Qa5 22.Ng6 Re8 23.Bd2 Qxa3
24.Ra1 Qd6 25.Rfe1 N8e7 26.Ne5 Qc7 27.Ng4 Rff8 28.g3 Rf5 29.Ne3 Rf7 30.Ng2 Ref8
31.Nf4 Rf6 32.Bg4 Re8 33.Bc1 Nc8 34.Ng6 Nd6 35.Bf4 Rxf4 36.Nxf4 Ne4 37.Qe3 Qd6
38.Kg2 e5 39.dxe5 Nxe5 40.Bxd7 Qxd7 41.f3 Nf6 42.Qd2 Qc6 43.Qd4 Qd6 44.Rad1 Nc6
45.Qd2 Rd8 46.Re6 Qa3 47.Qe3 Qb2 48.Rd2 a5 49.Rxc6 Kxc6 50.Qe6+ Kb7 51.Nxd5 Qb5  0-1

[Event "I American Continental"]
[Site "Cali COL"]
[Date "2001.08.17"]
[Round "8"]
[White "Navarro,R"]
[Black "Juarez Flores,C"]
[Result "0-1"]
[WhiteElo "2313"]
[BlackElo "2400"]

1.e4 e6 2.d4 d5 3.Nc3 Bb4 4.e5 b6 5.Qg4 Bf8 6.f4 Ne7 7.Nf3 Ba6 8.Bd3 Bxd3
9.cxd3 Nf5 10.Ne2 Nc6 11.a3 Na5 12.O-O Nb3 13.Rb1 Qd7 14.Qh3 Qa4 15.Nc3 Qa6
16.Nxd5 O-O-O 17.Nc3 Qxd3 18.Rd1 Qc4 19.d5 Bc5+ 20.Kh1 Be3 21.Nh4 Bxc1 22.Nxf5 exf5
23.Qxf5+ Kb8 24.Qxf7 Qxf4 25.Qxg7 Rhg8 26.Qe7 Rdf8 27.Ne2 Qe4 28.Rg1 Rf1  0-1

[Event "I American Continental"]
[Site "Cali COL"]
[Date "2001.08.18"]
[Round "9"]
[White "Cabrera,A"]
[Black "Uribe,M"]
[Result "1-0"]
[WhiteElo "2415"]
[BlackElo "2337"]

1.e4 e6 2.Nc3 d5 3.d4 Bb4 4.e5 Ne7 5.a3 Bxc3+ 6.bxc3 c5 7.a4 Qc7 8.Nf3 b6
9.Bb5+ Bd7 10.Bd3 Nbc6 11.O-O c4 12.Be2 f6 13.Bf4 Ng6 14.Bg3 fxe5 15.dxe5 O-O
16.Nd4 Nf4 17.Bxf4 Rxf4 18.g3 Nxd4 19.cxd4 Rff8 20.f4 Be8 21.Bg4 Qd7 22.Qe1 Bg6
23.Rf2 Qe7 24.Qe3 h6 25.Bh3 Be4 26.Raf1 Rab8 27.g4 a6 28.f5 Qg5 29.Qxg5 hxg5
30.c3 b5 31.axb5 Rxb5 32.fxe6 Re8 33.Bg2 Bxg2 34.Kxg2 Rb3 35.Ra1 Rxc3 36.Ra5 Rxe6
37.Rxd5 Rd3 38.Rd8+ Kh7 39.Re2 c3 40.Kf2 Rc6 41.Rc2 Rc4 42.e6 Rcxd4 43.Rxd4 Rxd4
44.e7 Re4 45.Re2 c2 46.Rxe4 c1=Q 47.e8=Q Qd2+  1-0